Report upon the Third International Geographical Congress and Exhibition at Venice, Italy, 1881, (Record no. 24223)
[ view plain ]
| 000 -LEADER | |
|---|---|
| fixed length control field | 01286cam a22002771 4500 |
| 001 - CONTROL NUMBER | |
| control field | gs 05000367 |
| 003 - CONTROL NUMBER IDENTIFIER | |
| control field | DLC |
| 005 - DATE AND TIME OF LATEST TRANSACTION | |
| control field | 20260227111301.0 |
| 008 - FIXED-LENGTH DATA ELEMENTS--GENERAL INFORMATION | |
| fixed length control field | 760405s1885 xx a 000 0 eng c |
| 010 ## - LIBRARY OF CONGRESS CONTROL NUMBER | |
| LC control number | gs 05000367 |
| 035 ## - SYSTEM CONTROL NUMBER | |
| System control number | (OCoLC)2094546 |
| 040 ## - CATALOGING SOURCE | |
| Original cataloging agency | U. S. Geol. survey. Library |
| Transcribing agency | MNS |
| Modifying agency | MNS |
| -- | OCoLC |
| -- | DLC |
| 042 ## - AUTHENTICATION CODE | |
| Authentication code | premarc |
| 050 00 - LIBRARY OF CONGRESS CALL NUMBER | |
| Classification number | GS6 |
| Item number | .I6 1881a |
| 086 0# - GOVERNMENT DOCUMENT CLASSIFICATION NUMBER | |
| Classification number | W 7.5:W 56 |
| 100 1# - MAIN ENTRY--PERSONAL NAME | |
| Personal name | Wheeler, George M. |
| Fuller form of name | (George Montague), |
| Dates associated with a name | 1842-1905. |
| 245 00 - TITLE STATEMENT | |
| Title | Report upon the Third International Geographical Congress and Exhibition at Venice, Italy, 1881, |
| Remainder of title | accompanied by data concerning the principal government land and marine surveys of the world. |
| Statement of responsibility, etc. | Prepared and submitted by Captain George M. Wheeler, Corps of engineers, U. S. Army, commissioner and delegate. |
| 260 ## - PUBLICATION, DISTRIBUTION, ETC. | |
| Place of publication, distribution, etc. | Washington, |
| Name of publisher, distributor, etc. | Govt. print. off., |
| Date of publication, distribution, etc. | 1885. |
| 300 ## - PHYSICAL DESCRIPTION | |
| Extent | 586 p. |
| Other physical details | 11 pl. (maps) 2 fold. tab. |
| Dimensions | 30 cm. |
| 490 0# - SERIES STATEMENT | |
| Series statement | United States. 48th Congress, 2d Session House. Ex. doc. |
| Volume/sequential designation | no. 270 |
| 500 ## - GENERAL NOTE | |
| General note | At head of title: War Department, Corps of Engineers, U. S. Army. |
| 504 ## - BIBLIOGRAPHY, ETC. NOTE | |
| Bibliography, etc. note | "Published works of reference": p. 539-546. |
| 650 #0 - SUBJECT ADDED ENTRY--TOPICAL TERM | |
| Topical term or geographic name entry element | Geography |
| Form subdivision | Congresses. |
| 710 1# - ADDED ENTRY--CORPORATE NAME | |
| Corporate name or jurisdiction name as entry element | United States. |
| Subordinate unit | Engineering Department. |
| 711 2# - ADDED ENTRY--MEETING NAME | |
| Meeting name or jurisdiction name as entry element | International Geographical Congress |
| Number of part/section/meeting | (3rd : |
| Date of meeting or treaty signing | 1881 : |
| Location of meeting | Venice) |
No items available.